Normal view MARC view

Entry Topical Term

Number of records used in: 1

001 - CONTROL NUMBER

  • control field: 12858

003 - CONTROL NUMBER IDENTIFIER

  • control field: OSt

005 - DATE AND TIME OF LATEST TRANSACTION

  • control field: 20190821160901.0

008 - FIXED-LENGTH DATA ELEMENTS

  • fixed length control field: 190821|| aca||aabn | a|a d

040 ## - CATALOGING SOURCE

  • Original cataloging agency: OSt
  • Transcribing agency: OSt

150 ## - HEADING--TOPICAL TERM

  • Topical term or geographic name entry element: Pharmacy

670 ## - SOURCE DATA FOUND

  • Source citation: Work cat.: (OSt): Florence, Alexander T. ; Attwood, David. 5861, Physicochemical Principles of Pharmacy: in manufacture, formulation and clinical use, 2016